• 首页
  • 本馆介绍
  • 公告通知
  • 最新文献
  • 馆藏检索
  • 电子资源
  • 读者导购
  • 参考咨询
  • 我的图书馆
  • 登录
  • 详细信息显示
  • 放入我的书架
  • 预约/预借图书
  • 作者相关作品
  • 分类相关作品
  • 丛书相关作品
  • 出版社相关作品

书目信息

  • 表格格式
  • 工作单格式
  • 卡片格式
题名:
印巴核爆冲击波
    
 
作者: 田源 , 京西 , 陆保生 著
分册:  
出版信息: 北京   昆仑出版社  1998.08
页数: 224页
开本: 20cm
丛书名:
单 册:
中图分类: D815.2
科图分类:
主题词: 核武器--禁止 , 核武器--销毁 , 核武器问题
电子资源:
ISBN: 7-80040-325-4
000 00675nam0 2200241 45
001 0404290949
005 20050330171036.8
010    @a7-80040-325-4@dCNY13.00
100    @a20040429d1998 km y0chiy0120 ea
101 0  @achi
105    @a z 000yy
200 1  @a印巴核爆冲击波@AYin Ba He Bao Chong Ji Bo@f田源,京西,陆保生著@FTian Yuan,Jing Xi,Lu Bao Sheng Zhu
210    @a北京@c昆仑出版社@d1998.08
215    @a224页@c照片@d20cm
606 0  @a核武器@x禁止
606 0  @a核武器@x销毁
606 0  @a核武器问题
690    @aD815.2@v3
701  0 @a田源@4著
701  0 @a京西@4著
701  0 @a陆保生@4著
801    @aCN@bPftUser@c20040429
905    @dD815.2@e32@f1@b283986
    
    印巴核爆冲击波/田源,京西,陆保生著.-北京:昆仑出版社,1998.08
    224页:照片;20cm
    
    
    ISBN 7-80040-325-4:CNY13.00
    
●
相关链接 在E读中查询图书 在五车中查询图书 在当当中查询图书 在豆瓣中查询图书


正题名:印巴核爆冲击波     索取号:D815.2/32         预约/预借

序号 登录号 条形码 馆藏地/架位号 状态 备注
1 0283985   002839851   第一借阅区/ [索取号:D815.2/32] 在馆    
2 0283986   002839860   第一借阅区/ [索取号:D815.2/32] 在馆    
3 0283987   002839879   第一样本阅览室/ [索取号:D815.2/32] 在馆    
唐山师范学院图书馆 欢迎您!
大连网信软件有限公司© 版权所有